লোডিং...

Nanobiotechnology and nanobiosciences

গ্রন্থ-পঞ্জীর বিবরন
প্রধান লেখক: Nicolini, Claudio
বিন্যাস: Printed Book
প্রকাশিত: Pan stanford publishing,Singapore 2009
বিষয়গুলি:
LEADER 00513nam a2200193 4500
020
082 |a 660.6 NIC-N 
100 |a Nicolini, Claudio 
245 |a Nanobiotechnology and nanobiosciences 
250
260 |a Pan stanford publishing,Singapore  |c 2009 
300
490
500
590
650 |a Biotechnology-- nanobiotechnology 
942 |c BK 
999 |c 92132  |d 92132 
952 |0 0  |1 0  |4 0  |6 660_600000000000000_NICN  |7 0  |9 105600  |a ZGY  |b ZGY  |l 0  |o 660.6 NIC-N  |p ZGY04667  |r 2019-09-25  |w 2019-09-25  |y BK